MARC details
| 000 -CABECERA |
| campo de control de longitud fija |
01204ngm a2200229 a 4500 |
| 005 - FECHA Y HORA DE LA ÚLTIMA TRANSACCIÓN |
| campo de control |
20230519063642.0 |
| 008 - ELEMENTOS DE LONGITUD FIJA--INFORMACIÓN GENERAL |
| campo de control de longitud fija |
011008s2000 mx r 000 0 spa d |
| 020 ## - NÚMERO INTERNACIONAL NORMALIZADO PARA LIBROS |
| Número Internacional Estándar del Libro |
9682992427 |
| 035 ## - NÚMERO DE CONTROL DEL SISTEMA |
| Número de control de sistema |
UPN01000112774 |
| 049 ## - COLECCIÓN |
| Colección |
AV |
| 099 ## - CLASIFICACIÓN LOCAL |
| Clasificación local |
PVI F 0962 |
| 245 00 - MENCIÓN DE TÍTULO |
| Título |
1924-1932 : la aventura fatigada / |
| Mención de responsabilidad, etc. |
Realización Ricardo Pérez Montfort. |
| 260 ## - PUBLICACIÓN, DISTRIBUCIÓN, ETC. |
| Lugar de publicación, distribución, etc. |
México : |
| Nombre del editor, distribuidor, etc. |
ILCE, |
| Fecha de publicación, distribución, etc. |
[199-?]. |
| 300 ## - DESCRIPCIÓN FÍSICA |
| Extensión |
1 videocasete (VHS) (60 min.) : |
| Otras características físicas |
son., col. |
| 440 #0 - MENCIÓN DE SERIE/ASIENTO SECUNDARIO--TÍTULO |
| Título |
Siglo 20. La vida en México ; |
| Designación de volumen o secuencia |
5 |
| 501 ## - NOTA DE "CON" |
| Nota de “Con” |
Con: 1932-1934 : nuevas esperanzas |
| 520 ## - NOTA DE RESUMEN, ETC. |
| Sumario, etc. |
Hitler asciende al poder, en la India surge el movimiento independentista y en E.U. Roosevelt se enfrenta a los veteranos de la 1a. guerra mundial. En México, los temas relevantes son la Ley del Trabajo, la autonomia universitaria. En: 1932-1934, el programa inicia con un resumen de la vida social y política mexicana de los primeros 32 años del siglo XX. Después sobre el gobierno de Ortiz Rubio, Abelardo Rodríguez y del candidato Lázaro Cárdenas |
| 651 #4 - ASIENTO SECUNDARIO DE MATERIA - NOMBRE GEOGRAFICO |
| Nombre geográfico |
MEXICO - |
| Subdivisión general |
HISTORIA |
| Subdivisión cronológica |
REGIMEN PORTESGILISTA, 1929-1930 |
| 651 #4 - ASIENTO SECUNDARIO DE MATERIA - NOMBRE GEOGRAFICO |
| Nombre geográfico |
México |
| Subdivisión general |
Historia |
| Subdivisión cronológica |
1910-1946 |
| 9 (RLIN) |
1296 |
| 740 0# - ASIENTO SECUNDARIO - TÍTULOS RELACIONADOS /ANALITICOS NO CONTROLADOS |
| Título relacionado o analítico no controlado |
1932-1934 : nuevas esperanzas |
| 905 ## - TIPO DE MATERIAL |
| Tipo de material |
Audiovisuales |